000 01698nam a2200397 a 4500
001 0000333
003 DO-SdBNP
005 20180315124034.0
007 0000333
008 091125s2012 dr a 000 0 spa d
020 _a9789945117318 v.1
020 _a9789945116557 v.2
040 _aBPMSU
_bspa
_cBPMSU
082 0 4 _a372.832
_bC238c 2do. 2012
092 _a
_b
100 1 _aCapellán Almonte, Fanny
245 1 0 _aCívica 2 :
_beducación básica /
_c Fanny Capellán Almonte, ; dirección editorial Obdulia García de Escobar ; ilustración Ruddy Núñez.
260 _aSanto Domingo :
_bSantillana,
_c2012
300 _a2v. :
_bil. ;
_c28 cm.
490 1 _aInnova
500 _aEste libro ha sido realizado de conformidad con el currículum vigente y ha sido sometido a la aprobación del MINERD
500 _aEdición anotada. Para el profesor y profesora
505 0 _tLa vida en familia --
_tSoy parte de una escuela --
_tMi comunidad --
_tTengo derechos y deberes --
_tLas normas y las leyes --
_t
650 4 _aEDUCACIÓN CÍVICA
_xEDUCACIÓN PRIMARIA
650 4 _aEDUCACIÓN PRIMARIA
_zREPÚBLICA DOMINICANA
650 4 _aEDUCACIÓN CÍVICA
_xLIBROS DE TEXTOS
650 4 _aEDUCACIÓN CÍVICA
_xESTUDIOS Y EJERCICIOS
650 4 _aEDUCACIÓN CÍVICA
_xENSEÑANZA BÁSICA
700 1 _aGarcía Escobar, Obdulia de,
_eed.
700 1 _aNúñez, Ruddy
_eil.
830 0 _aInnova
910 _aValidado. Control de calidad MFF
942 _2ddc
_cBK
945 _ainventariado, 2018 / dg Remanejada para la BNPHU 2018 / BT
956 _aVMATEO
_b10
_220160512
_3BPMSU
_60069
999 _c10110
_d10110